[Event "POHÁR města Říčany 2023"]
[Site "Městské kulturní středisko U labutě"]
[Date "2023.08.27"]
[Round "2.38"]
[White "Koper, Stefan"]
[Black "Glasberger, Roman"]
[Result "1-0"]
[WhiteElo "1720"]
[BlackElo "1555"]
[WhiteFideId "306606"]
[BlackFideId "398799"]
[PlyCount "0"]
[EventDate "2023.08.26"]

1. d4 Nf6 2. c4 e6 3. Nf3 Bb4+ 4. Bd2 Qe7 5. a3 Bxd2+ 6. Nbxd2 d5 7. e3 O-O
8. cxd5 exd5 9. Qc2 Bg4 10. Bd3 h6 11. Ne5 Be6 12. O-O c6 13. b4 Nbd7 14. f4 Ng4
15. Rf3 Qh4 16. h3 Ngxe5 17. dxe5 f5 18. Nb3 Rac8 19. Nd4 Qe7 20. Nxf5 Bxf5
21. Bxf5 Qf7 22. Bxd7 Qxd7 23. Rd1 Qe7 24. e4 dxe4 25. Qxe4 c5 26. Rd6 cxb4
27. axb4 Qc7 28. Kh2 Rfe8 29. Qd5+ Kh8 30. Rd7 Qc4 31. Qxc4 Rxc4 32. Rxb7 Ra8
33. h4 a5 34. bxa5 Rxa5 35. Kh3 Raa4 36. Kg4 Kh7 37. h5 Re4 38. Kf5 Re2 39. Rg3
1-0

[Event "POHÁR města Říčany 2023"]
[Site "Městské kulturní středisko U labutě"]
[Date "2023.08.27"]
[Round "2.39"]
[White "Pechanek, Krystof Jan"]
[Black "Konvalinka, Vladislav"]
[Result "0-1"]
[WhiteElo "1493"]
[BlackElo "1705"]
[WhiteFideId "23719869"]
[BlackFideId "342955"]
[PlyCount "0"]
[EventDate "2023.08.26"]

1. Nf3 d5 2. c4 e6 3. d4 a6 4. Nc3 dxc4 5. e4 b5 6. a3 Nf6 7. Bg5 Be7 8. Be2
Bb7 9. Bxf6 Bxf6 10. e5 Be7 11. b3 cxb3 12. Qxb3 O-O 13. O-O c5 14. Rfd1 c4
15. Qc2 Qc7 16. d5 exd5 17. Nxd5 Bxd5 18. Rxd5 Nc6 19. Qe4 Rad8 20. e6 Rxd5
21. exf7+ Rxf7 22. Qxd5 Qd6 23. Qe4 Rf4 24. Qe3 Nd4 25. Rd1 Nxe2+ 26. Qxe2 Qf6
27. Rd7 Bxa3 28. Qe8+ Bf8 0-1

[Event "POHÁR města Říčany 2023"]
[Site "Městské kulturní středisko U labutě"]
[Date "2023.08.27"]
[Round "2.40"]
[White "Verner, Matej"]
[Black "Sboev, Kirill"]
[Result "1-0"]
[WhiteElo "1698"]
[BlackElo "1542"]
[WhiteFideId "23729236"]
[BlackFideId "23732245"]
[PlyCount "0"]
[EventDate "2023.08.26"]

1. e4 e5 2. f4 d5 3. exd5 exf4 4. Nf3 Nf6 5. Nc3 Nxd5 6. Nxd5 Qxd5 7. d4 Be7
8. Be2 O-O 9. Bxf4 c5 10. dxc5 Qxd1+ 11. Rxd1 Bxc5 12. Bd6 Bxd6 13. Rxd6 Nc6
14. Kf2 Rd8 15. Rxd8+ Nxd8 16. Nd4 Ne6 17. Rd1 Nxd4 18. Rxd4 Be6 19. Bf3 Rc8
20. c4 b6 21. b3 g6 22. Ke3 Kg7 23. Bd5 Re8 24. Bxe6 Rxe6+ 25. Kd3 a5 26. c5 Rc6
27. cxb6 Rxb6 28. Rd5 Ra6 29. Kc4 1-0

[Event "POHÁR města Říčany 2023"]
[Site "Městské kulturní středisko U labutě"]
[Date "2023.08.27"]
[Round "2.41"]
[White "Moravec, Marek"]
[Black "Horyna, Josef"]
[Result "1/2-1/2"]
[WhiteElo "1449"]
[BlackElo "1689"]
[WhiteFideId "23764155"]
[BlackFideId "316369"]
[PlyCount "0"]
[EventDate "2023.08.26"]

1. e4 c5 2. Nf3 a6 3. c3 d6 4. d4 cxd4 5. cxd4 g6 6. Bc4 Bg7 7. Qb3 e6 8. a4
Nc6 9. Qe3 Bh6 10. Qc3 Bxc1 11. Qxc1 Qa5+ 12. Qc3 Qxc3+ 13. Nxc3 Nge7 14. d5
exd5 15. Nxd5 Nxd5 16. Bxd5 O-O 17. O-O Bg4 18. Nd2 Rab8 19. f3 Be6 20. Bc4 Rfd8
21. Rfe1 Nb4 22. Rad1 b5 23. axb5 axb5 24. Bf1 h5 25. Rc1 Rb7 26. Nb1 Bc4
27. Bxc4 bxc4 28. Rxc4 Nd3 29. Re2 Nxb2 30. Rd4 Nc4 31. Rxc4 Rxb1+ 32. Kf2 Kf8
33. Rd4 Rbb8 34. Red2 Ke7 35. f4 f6 36. Ra4 Rb7 37. Ke3 Rdb8 38. g3 Rb3+ 39. Kd4
R3b4+ 40. Rxb4 Rxb4+ 41. Kd5 Rb5+ 42. Kc6 Rc5+ 43. Kb6 Rc4 44. Re2 Ke6 45. Kb5
Rc1 46. Kb4 Rc8 47. Kb3 h4 48. gxh4 Rh8 49. Rf2 Rxh4 50. Kc4 Rh5 51. Kd4 Ra5
1/2-1/2

[Event "POHÁR města Říčany 2023"]
[Site "Městské kulturní středisko U labutě"]
[Date "2023.08.27"]
[Round "2.42"]
[White "Borecky, Andrej"]
[Black "Migalko, Dmitriy"]
[Result "0-1"]
[WhiteElo "1394"]
[BlackElo "1670"]
[WhiteFideId "23752670"]
[BlackFideId "34147489"]
[PlyCount "0"]
[EventDate "2023.08.26"]

1. b3 d5 2. Bb2 Bf5 3. e3 Nd7 4. Nf3 Ngf6 5. d3 e6 6. Be2 Bd6 7. Nbd2 O-O
8. O-O c6 9. c4 Re8 10. Nh4 Bg6 11. Nxg6 hxg6 12. Rc1 Qa5 13. a3 Qc7 14. h3 a5
15. cxd5 exd5 16. Nf3 Ne5 17. Nd4 Qe7 18. a4 Ned7 19. Qd2 Nf8 20. Bc3 Bc7 21. b4
axb4 22. Bxb4 Bd6 23. Bxd6 Qxd6 24. Ra1 Ne6 25. Nxe6 Qxe6 26. Qb4 Ra7 27. Rfc1
Rea8 28. a5 Qd7 29. Bd1 Qc7 30. Bf3 Rxa5 31. Rxa5 Rxa5 32. e4 dxe4 33. dxe4 Re5
34. g3 Qe7 35. Rc4 Qxb4 36. Rxb4 b5 37. Kf1 Kf8 38. Ke2 Ke7 39. Kd3 Nd7 40. Bg2
f6 41. f4 Rc5 42. g4 g5 43. fxg5 Rxg5 44. Bf1 Rc5 45. Be2 Ne5+ 46. Kd4 Rc2
47. Bd3 Rd2 48. Rb3 Rxd3+ 49. Rxd3 Nxd3 50. Kxd3 g5 51. Kd4 b4 52. Kc4 c5 0-1

[Event "POHÁR města Říčany 2023"]
[Site "Městské kulturní středisko U labutě"]
[Date "2023.08.27"]
[Round "2.43"]
[White "Mydlar, Matej"]
[Black "Pogorelskiy, Boris"]
[Result "1-0"]
[WhiteElo "1668"]
[BlackElo "1445"]
[WhiteFideId "23735074"]
[BlackFideId "34365478"]
[PlyCount "0"]
[EventDate "2023.08.26"]

1. e4 c5 2. Nf3 e6 3. d4 cxd4 4. Nxd4 a6 5. Nc3 Qc7 6. Bd3 Nc6 7. Nb3 Be7
8. Be3 b5 9. f4 d6 10. Qd2 Nf6 11. O-O-O Bb7 12. h3 Nb4 13. Kb1 Nxd3 14. cxd3 d5
15. e5 Nd7 16. Rc1 Qd8 17. Rhf1 Rc8 18. Nd4 Bc5 19. Nce2 O-O 20. f5 Bxd4
21. Bxd4 exf5 22. Rxf5 Rxc1+ 23. Qxc1 Re8 24. Qf4 Qe7 25. Qg3 Nf8 26. Nf4 Ng6
27. e6 fxe6 28. Nxg6 hxg6 29. Rg5 Qf7 30. a3 Re7 31. Rxg6 e5 32. Bc5 Re6 33. Rg5
e4 34. Bd4 g6 35. Rh5 Qf1+ 36. Ka2 1-0

[Event "POHÁR města Říčany 2023"]
[Site "Městské kulturní středisko U labutě"]
[Date "2023.08.27"]
[Round "2.44"]
[White "Dudarec, Elias"]
[Black "Langmaier, Michal"]
[Result "1-0"]
[WhiteElo "1380"]
[BlackElo "1662"]
[WhiteFideId "23714930"]
[BlackFideId "23727705"]
[PlyCount "0"]
[EventDate "2023.08.26"]

1. e4 c5 2. b4 cxb4 3. a3 bxa3 4. d4 e6 5. Nf3 d5 6. e5 Nc6 7. Be2 Qb6 8. O-O
Bd7 9. Nxa3 Bb4 10. Rb1 Qa5 11. Nb5 a6 12. c3 axb5 13. cxb4 Qb6 14. Qd3 Nge7
15. Rd1 h6 16. Bd2 Nf5 17. Bc3 O-O 18. g4 Nfe7 19. Bd2 Ng6 20. Be3 Ra2 21. Rd2
Rfa8 22. Rxa2 Rxa2 23. Rb3 Qa6 24. Bd1 Ra1 25. Rb1 Qa2 26. Rxa1 Qxa1 27. Kg2
Nxb4 28. Qd2 Nc6 29. Be2 b4 30. Bxh6 b3 31. Bd3 b2 32. Bxg7 Qc1 33. Bh6 Qa1
34. Qg5 Kh7 35. Bf8 Qc1 36. Qf6 1-0

[Event "POHÁR města Říčany 2023"]
[Site "Městské kulturní středisko U labutě"]
[Date "2023.08.27"]
[Round "2.45"]
[White "Vit, Zdenek"]
[Black "Vajdik, Josef"]
[Result "1-0"]
[WhiteElo "1654"]
[BlackElo "1377"]
[WhiteFideId "23706830"]
[BlackFideId "23716606"]
[PlyCount "0"]
[EventDate "2023.08.26"]

1. e4 c5 2. Nf3 e6 3. d4 cxd4 4. Nxd4 a6 5. c4 Nc6 6. Nc3 Qc7 7. Be2 g6 8. Be3
Bg7 9. Rc1 Qd6 10. Nxc6 Qxc6 11. O-O Ne7 12. Bd4 e5 13. Be3 O-O 14. Nd5 Re8
15. b4 f5 16. b5 Qd6 17. c5 Qb8 18. Nb6 f4 19. Nxa8 Qxa8 20. Qb3+ Kf8 21. Bd2
axb5 22. Bxb5 Nc6 23. Qd5 Nd4 24. Bc4 Ne6 25. Bb4 Kf7 26. Rfd1 Qb8 27. Bb5 1-0